000 01068nam a2200265 i 4500
001 98744
003 ES-MaACL
005 20250624062920.0
007 t|
008 051024s1966 sp ||||1| spa d
080 _a75.036(460)(083.82)
100 1 _aBartolini, Sigfrido.
_926156
245 1 0 _aVarias tendencias de la pintura española actual
_b: Aguirre, Anzó, Barbadillo, Iglesias, Jaime Mercadé, Planasdurá, Soria, Valbuena, Vento : [exposición, Festivales de España 1966] /
_c[Texto: Carlos Areán].
260 _a[Madrid] :
_bPublicaciones Españolas,
_c[1966]
300 _a[22] p. :
_bil. ;
_c28 cm.
490 1 _aCuadernos de arte. Colección ordinaria ;
_v230
650 4 _aPintura española-
_yS.XX-
_vExposiciones.
_916043
655 7 _2tgfbne
_9193628
_aCatálogos de exposiciones
700 1 _aAreán, Carlos,
_d1921-1996
_922562
710 2 _aFestivales de España.
_94125
830 0 _aCuadernos de arte. Colección ordinaria
_v230
_9180064
852 _aES-MaACL
_j2196-F-29
_bR.136219
942 _2udc
999 _c98744
_d98744